000 00673 a2200217 4500
008 140630b xxu||||| |||| 00| 0 eng d
020 _a9781452202952
050 _aJZ5538
_b.B37 2014
100 _aBarash, David P.
245 _aPeace and conflict studies
_c David P. Barash, Charles P. Webel.
250 _a3rd ed.
260 _c2014
_b Sage Publications,
_aThousand Oaks ;
_aLondon :
300 _a |a xiii, 571 p. : |b ill. ; |c 26 cm.
500 _aIncludes bibliographical references and indexes.
650 _aPeace.
650 _a War.
650 _aArms control.
650 _aConflict management.
700 _aWebel, Charles.
942 _cBK
_2lcc
999 _c43395
_d43395